Spell the Marvel Character #215 - Statistics

General Stats
  • This quiz has been taken 25 times
  • The average score is 7 of 10
Answer Stats
Picture Answer % Correct
Ant-Man
100%
She-Hulk
100%
Daredevil
95%
Okoye
86%
White Tiger
67%
Swordsman
62%
Spectrum
57%
Nighthawk
38%
Rockslide
38%
Marrina
29%
No matching quizzes found
Score Distribution
Percent of People with Each Score
Percentile by Number Answered
Your Score History
You have not taken this quiz